Michoacán /

Salvato in:
Dettagli Bibliografici
Autore principale: Urquiza Marín, Humberto (edición)
Altri autori: González y González, Luis (texto) (texto), Díaz de León, Jaime (fotografía) (fotografía)
Natura: Libro
Lingua:spagnolo
Pubblicazione: México : Fondo Nacional para Actividades Sociales, 1980, c1980
Tags: Aggiungi Tag
Nessun Tag, puoi essere il primo ad aggiungerne!!

MARC

LEADER 00000nam^a2200000^a^4500
001 000589590
005 20250521000000.0
009 20260310132852.038
037 |a Acervo ITESO - Biblioteca 
041 |a ESP 
091 |a FCR. 00539 
100 |a Urquiza Marín, Humberto  |e (edición) 
245 1 0 |a Michoacán / 
264 4 |a México :  |b Fondo Nacional para Actividades Sociales,  |c 1980, c1980 
300 |a 307 p. 
336 |a texto  |b txt  |2 rdacontenido 
337 |a sin mediación  |b n  |2 rdamedio 
338 |a volumen  |b nc  |2 rdasoporte 
649 |a XX 
700 |a González y González, Luis  |e (texto) 
700 |a Díaz de León, Jaime  |e (fotografía) 
910 |a Fondo Cristina Romo Gil 
920 |a Impresos - Libros 
930 |a Fondos Especiales 
905 |a 143 
901 |a 0900115121  |b IT2  |c ESP  |i D121995  |u 20250521 
902 |a https://opac.biblio.iteso.mx/vufind/Record/000589590